000 00358nam a2200133Ia 4500
008 151001s9999||||xx |||||||||||||| ||und||
100 _aना ल मोरे
245 _aपातिव्रताचाझेंडा
250 _a1
260 _bसौ प्रतिभा ना मोरे
260 _c1955
300 _a73
365 _b7.5
999 _c950412
_d950409